00410nam a2200145Ia 4500003000400000005001700004008004100021020001500062040000900077082002000086100002300106245007800129260004800207300000900255OSt20200609114410.0190216s9999||||xx |||||||||||||| ||und|| a0195033698 coclc a327.0904bKEY/T aKeylor, William R  4aThe Twentieth-Century World An International History /c William R Keylor bOxford University Press,c1984.aNew Delhi: a468p